| 000 | 00521nam a2200193 4500 | ||
|---|---|---|---|
| 001 | 111506 | ||
| 003 | ES-MaACL | ||
| 005 | 20230906185319.0 | ||
| 007 | t| | ||
| 008 | 061121s1975 sp r ||||1| spa d | ||
| 100 | 1 |
_aNeruda, Pablo, _d1904-1973 _985398 |
|
| 245 | 1 | 0 |
_aAún / _cPablo Neruda. |
| 260 |
_aBarcelona : _bLumen, _c1975. |
||
| 300 |
_a77 p. : _bil. ; _c19 cm. |
||
| 490 | 1 | _aPalabra menor | |
| 830 | 0 |
_aPalabra menor _9179513 |
|
| 852 |
_aES-MaACL _jL-7377 _bR.107508 |
||
| 999 |
_c111506 _d111506 |
||